00415nam a2200133Ia 45000030006000000080041000060400015000471000063000622450097001252500010002222600020002325460012002520050017002640STCL150530s9999 xx 000 0 und d aSTCLcSTCL aJagdish Handa; Chandra Prakash Khetan; Ramesh Waghmare, R. aEconomic behaviour of industrial corporations an econometric study of four Indian industries aFirst bMacmillanc1985 aEnglish20220125165634.0